000 00734nam a2200289Ia 4500
005 20260324143946.0
008 008 260324s9999 xx 000 0 eng d
020 _a9781315730516
037 _aEBOOK
040 _aCRL
040 _beng
040 _cCRL
041 _2eng
041 _aeng
084 _qCRL
100 _aRonald Morse
_91217549
245 0 _aYanagita Kunio and the Folklore Movement (RLE Folklore)
245 4 _bThe Search for Japan's National Character and Distinctiveness
260 _bTaylor and Francis
260 _c1990
365 _a
365 _b230
856 _uhttp://www.taylorfrancis.com/books/9781315730516
942 _cEBOOK
999 _c1823590
_d1823590